000 00546nam a2200169 4500
001 121229
003 ES-MaACL
005 20230906191720.0
007 t|
008 070214s1966 sp r ||||1| spa d
100 1 _aPrévot, Floriane.
_993824
245 1 0 _aEnciclopedia de la muchacha moderna /
_cFloriane Prévot ; traducción de Mª Rosario González Lobo.
260 _aMadrid [etc.] :
_bDaimón,
_c1966.
300 _a244 p. :
_bil. ;
_c19 cm.
700 1 _aGonzález Lobo, María Rosario.
_958761
852 _aES-MaACL
_jC-33552
_bR.64213
999 _c121229
_d121229